[Event "Mondiale Lampo FIDE 2019"]
[Site "Mosca"]
[Date "29.12.2019"]
[Round "9.43"]
[White "Ivanisevic, Ivan"]
[Black "Vavulin, Maxim"]
[Result "0-1"]
[WhiteTitle "GM"]
[BlackTitle "GM"]
[WhiteElo "2593"]
[BlackElo "2556"]
[WhiteFideId "912417"]
[BlackFideId "4169530"]
[EventDate "2019.12.29"]

1. c4 g6 2. Nc3 Bg7 3. g3 e5 4. Bg2 f5 5. e3 Nf6 6. Nge2 O-O 7. b3 d6 8. Bb2 c6
9. d3 Be6 10. O-O Bf7 11. Qd2 Nbd7 12. Rad1 Qe7 13. f4 Rfe8 14. h3 exf4 15. exf4
d5 16. Kh2 Qd6 17. Rfe1 d4 18. Nb1 Nh5 19. Na3 Rab8 20. b4 b6 21. Nc2 c5 22. b5
Re7 23. a4 Rbe8 24. Ng1 g5 25. Rxe7 Rxe7 26. Rf1 Bh6 27. Bc1 gxf4 28. gxf4 Nxf4
29. Rxf4 Re3 30. Ne2 Rxe2 31. Qxe2 Bxf4+ 32. Bxf4 Qxf4+ 33. Kh1 Ne5 34. Ne1 Qe3
35. Qf1 f4 36. Be4 Bh5 37. Qg2+ Kf7 38. Nc2 Qc1+ 39. Kh2 f3 40. Qf2 Bg6 41.
Bxg6+ hxg6 42. Ne1 Qe3 43. Kg3 Qg5+ 44. Kh2 Qf4+ 45. Qg3 Qe3 46. Nc2 Qe2+ 47.
Kg1 Qxc2 48. Qf4+ Ke6 0-1

[Event "Mondiale Lampo FIDE 2019"]
[Site "Mosca"]
[Date "29.12.2019"]
[Round "9.44"]
[White "Tengis, Tsog-Ochir"]
[Black "Zvjaginsev, Vadim"]
[Result "0-1"]
[WhiteTitle "FM"]
[BlackTitle "GM"]
[WhiteElo "2190"]
[BlackElo "2627"]
[WhiteFideId "4902718"]
[BlackFideId "4113403"]
[EventDate "2019.12.29"]

1. Nf3 d6 2. d4 Nf6 3. g3 g6 4. Bg2 Bg7 5. O-O O-O 6. b3 a5 7. a4 Bf5 8. Bb2 Qd7
9. Nbd2 Bh3 10. e4 Bxg2 11. Kxg2 Na6 12. Qe2 e6 13. Rfd1 Rfd8 14. Nc4 Nxe4 15.
Qxe4 d5 16. Qf4 dxc4 17. bxc4 Qd6 18. Bc3 Qxf4 19. gxf4 Nb4 20. Bxb4 axb4 21. a5
c5 22. Ra4 Bxd4 23. Nxd4 cxd4 24. Kf3 f5 25. Ke2 Kg7 26. Rb1 Kh6 27. Rbxb4 Rd7
28. Kd3 Kh5 29. f3 Kh4 30. Rb6 Kh3 31. Rxe6 Kxh2 32. Ra1 Kg2 33. Re2+ Kxf3 34.
Rf1+ Kg3 35. Rh1 Kxf4 36. Ra1 Kg5 37. c5 h5 38. Re6 Rg7 39. c6 bxc6 40. Rxc6 h4
41. a6 h3 42. Rg1+ Kh5 43. Rg3 Kh4 44. Rgxg6 Rxg6 45. Rxg6 h2 46. Rh6+ Kg3 47.
Ke2 Rxa6 0-1

[Event "Mondiale Lampo FIDE 2019"]
[Site "Mosca"]
[Date "29.12.2019"]
[Round "9.45"]
[White "Petrov, Nikita"]
[Black "Deviatkin, Andrei"]
[Result "0-1"]
[WhiteTitle "GM"]
[BlackTitle "GM"]
[WhiteElo "2585"]
[BlackElo "2436"]
[WhiteFideId "4101286"]
[BlackFideId "4121260"]
[EventDate "2019.12.29"]

1. c4 c6 2. d4 d5 3. cxd5 cxd5 4. Bg5 Nc6 5. Nc3 Nf6 6. Bxf6 gxf6 7. e3 f5 8.
Nf3 e6 9. Bd3 Bd6 10. Rc1 Bd7 11. a3 Qe7 12. O-O O-O 13. Nd2 Rac8 14. f4 Qf6 15.
Nf3 Rfd8 16. Ne5 Be8 17. Rf3 Ne7 18. Rh3 Ng6 19. g4 fxg4 20. Qxg4 Qg7 21. Kh1 f5
22. Qf3 Bxe5 23. fxe5 Rc7 24. Rg1 Rdd7 25. Ne2 Qf8 26. Nf4 Rg7 27. Nxe6 Qe7 28.
Nxg7 Qxg7 29. Bxf5 Kh8 30. Qg2 Qf8 31. Bxg6 Rg7 32. Rxh7+ Rxh7 33. Bxh7 0-1

[Event "Mondiale Lampo FIDE 2019"]
[Site "Mosca"]
[Date "29.12.2019"]
[Round "9.46"]
[White "Vastrukhin, Oleg"]
[Black "Sychev, Klementy"]
[Result "0-1"]
[WhiteTitle "IM"]
[BlackTitle "GM"]
[WhiteElo "2428"]
[BlackElo "2563"]
[WhiteFideId "4192770"]
[BlackFideId "4114060"]
[EventDate "2019.12.29"]

1. Nf3 Nf6 2. g3 d5 3. Bg2 g6 4. O-O Bg7 5. d4 O-O 6. Nbd2 a5 7. c3 Nbd7 8. Re1
c5 9. e4 dxe4 10. Nxe4 Nxe4 11. Rxe4 cxd4 12. Nxd4 Nc5 13. Re1 e5 14. Nb5 Nd3
15. Re3 Nxc1 16. Rxc1 Bh6 17. Rxe5 Bxc1 18. Qxc1 Ra6 19. h4 Re6 20. Rxe6 Bxe6
21. Nd4 Bd5 22. a3 Bxg2 23. Kxg2 Qd5+ 24. Kh2 Re8 25. Qf4 Re1 26. f3 Qe5 27. Qg4
h5 28. Qc8+ Kg7 29. Qxb7 Qe3 30. f4 Rb1 31. b4 Rb2+ 32. Kh3 Qg1 33. Ne6+ Kh6 0-1

[Event "Mondiale Lampo FIDE 2019"]
[Site "Mosca"]
[Date "29.12.2019"]
[Round "9.47"]
[White "Perunovic, Milos"]
[Black "Pogosyan, Stefan"]
[Result "0-1"]
[WhiteTitle "GM"]
[BlackTitle "IM"]
[WhiteElo "2589"]
[BlackElo "2459"]
[WhiteFideId "921629"]
[BlackFideId "34159867"]
[EventDate "2019.12.29"]

1. e4 Nc6 2. Nf3 e5 3. d4 exd4 4. Nxd4 Bc5 5. Nb3 Bb6 6. Nc3 Nge7 7. Qe2 O-O 8.
Be3 d6 9. O-O-O f5 10. f4 fxe4 11. g3 Bxe3+ 12. Qxe3 Bg4 13. Be2 Nf5 14. Qxe4
Bxe2 15. Qxe2 a5 16. Qb5 Nce7 17. Rhe1 c6 18. Qxb7 a4 19. Nd4 Nxd4 20. Qxe7 Qb6
21. Qxd6 Rfd8 22. Nd5 Qxb2+ 23. Kxb2 Rxd6 24. Ne7+ Kf7 25. Nxc6 a3+ 26. Kc1 Rxc6
27. Rxd4 Ra7 28. Re3 Rb6 29. Rb3 Re6 30. Kd2 Rae7 31. Rxa3 Re2+ 32. Kc3 Rc7+ 33.
Kd3 Rcxc2 34. Rd7+ Kf6 35. Ra6+ Kf5 36. Rd5+ Kg4 37. a4 Kf3 38. Re5 Red2# 0-1

[Event "Mondiale Lampo FIDE 2019"]
[Site "Mosca"]
[Date "29.12.2019"]
[Round "9.48"]
[White "Nihal, Sarin"]
[Black "Nozdrachev, Vladislav"]
[Result "1-0"]
[WhiteTitle "GM"]
[BlackTitle "IM"]
[WhiteElo "2612"]
[BlackElo "2494"]
[WhiteFideId "25092340"]
[BlackFideId "24113441"]
[EventDate "2019.12.29"]

1. e4 e5 2. Nf3 Nc6 3. Bc4 Bc5 4. c3 Nf6 5. d3 d6 6. Nbd2 O-O 7. O-O a6 8. a4
Ba7 9. h3 Ne7 10. Re1 Ng6 11. Nf1 c6 12. Bb3 a5 13. Ng3 h6 14. d4 Re8 15. Bc2
Nh7 16. Be3 Qf6 17. Nh5 Qe7 18. Qd2 Nf6 19. Ng3 Bb8 20. Rad1 Bc7 21. b4 axb4 22.
cxb4 Qf8 23. dxe5 dxe5 24. Bc5 Ne7 25. a5 Be6 26. Qc3 Nd7 27. Be3 Ng6 28. Bb3
Rad8 29. Bxe6 fxe6 30. b5 Bd6 31. bxc6 Bb4 32. Qc4 bxc6 33. Bd2 c5 34. Bxb4 cxb4
35. a6 Qc5 36. Qb3 Qb6 37. Ra1 Nc5 38. Qc4 b3 39. Reb1 Ra8 40. Nd2 Rxa6 41. Rxa6
Nxa6 42. Rxb3 Qa5 43. Nf3 Nc7 44. Rb7 Re7 45. Qc6 Kh7 46. Kh2 Rf7 47. h4 Re7 48.
h5 Nf4 49. Qd6 Rf7 50. Qxe5 Qxe5 51. Nxe5 Re7 52. f3 Ncd5 53. Rb8 Nf6 54. Nf1
Ra7 55. Ne3 Ra5 56. N3c4 Rc5 57. g4 g5 58. hxg6+ Nxg6 59. Rb7+ Kg8 60. Nxg6 Rxc4
61. Kg3 Rc3 62. Kf4 Rc5 63. Re7 Rg5 64. Ne5 Kf8 65. Rxe6 Kg7 66. Re7+ Kg8 67.
Rf7 1-0

[Event "Mondiale Lampo FIDE 2019"]
[Site "Mosca"]
[Date "29.12.2019"]
[Round "9.49"]
[White "Krsnik Cohar, Ivan Vihor"]
[Black "Postny, Evgeny"]
[Result "0-1"]
[WhiteTitle "FM"]
[BlackTitle "GM"]
[WhiteElo "2313"]
[BlackElo "2605"]
[WhiteFideId "14520044"]
[BlackFideId "2804344"]
[EventDate "2019.12.29"]

1. d4 Nf6 2. Bg5 d5 3. Nd2 Nbd7 4. e3 g6 5. Bd3 Bg7 6. f4 O-O 7. Ngf3 c5 8. c3
b6 9. Qe2 a5 10. O-O Bb7 11. Ne5 Ne4 12. Nxe4 dxe4 13. Bc4 Nf6 14. Rad1 Qc7 15.
Bh4 e6 16. Bb5 cxd4 17. exd4 Nd5 18. Bg3 f5 19. h4 Nf6 20. Bf2 Rfd8 21. Be3 Qc8
22. g4 Ba6 23. g5 Nd5 24. Bc1 Bxb5 25. Qxb5 Qa6 26. Qc6 b5 27. Kf2 Bxe5 28. Qxa6
Bxd4+ 29. Rxd4 Rxa6 30. a4 Rb8 31. axb5 Rxb5 32. c4 Rb4 33. Rfd1 Ne7 34. c5 Rxd4
35. Rxd4 Nd5 36. Ra4 Nb4 37. Ke2 0-1

[Event "Mondiale Lampo FIDE 2019"]
[Site "Mosca"]
[Date "29.12.2019"]
[Round "9.50"]
[White "Piorun, Kacper"]
[Black "Salem, A.R. Saleh"]
[Result "0-1"]
[WhiteTitle "GM"]
[BlackTitle "GM"]
[WhiteElo "2611"]
[BlackElo "2675"]
[WhiteFideId "1130420"]
[BlackFideId "9301348"]
[EventDate "2019.12.29"]

1. c4 g6 2. g3 Bg7 3. Bg2 c5 4. Nc3 Nc6 5. Nf3 d6 6. O-O e6 7. d3 Nge7 8. Bg5 h6
9. Bd2 b6 10. a3 Bb7 11. Rb1 Qd7 12. b4 O-O 13. Re1 g5 14. Qc1 Ng6 15. Be3 f5
16. Rd1 Rae8 17. b5 Nd4 18. Bxd4 cxd4 19. Na2 g4 20. Ne1 Bxg2 21. Nxg2 e5 22.
Nb4 f4 23. Qd2 Rf7 24. Rf1 Ref8 25. Nd5 f3 26. Ne1 Qf5 27. exf3 gxf3 28. Kh1 e4
29. Rg1 e3 30. Qc2 Ne5 0-1

[Event "Mondiale Lampo FIDE 2019"]
[Site "Mosca"]
[Date "29.12.2019"]
[Round "9.51"]
[White "Ruck, Robert"]
[Black "Vallejo Pons, Francisco"]
[Result "1-0"]
[WhiteTitle "GM"]
[BlackTitle "GM"]
[WhiteElo "2530"]
[BlackElo "2704"]
[WhiteFideId "705713"]
[BlackFideId "2205530"]
[EventDate "2019.12.29"]

1. Nf3 d5 2. d4 Nf6 3. c4 dxc4 4. e3 e6 5. Bxc4 c5 6. O-O cxd4 7. Nxd4 Bc5 8.
Nc3 O-O 9. Nb3 Bb4 10. Bd2 Nc6 11. a3 Bd6 12. Qe2 Ne5 13. Rfd1 Qc7 14. Bd3 Nxd3
15. Qxd3 Bxh2+ 16. Kh1 Rd8 17. Qe2 Be5 18. Nb5 Qe7 19. Bb4 Qe8 20. Rxd8 Qxd8 21.
Rd1 Nd5 22. f4 Qh4+ 23. Kg1 Bf6 24. Be1 Qh6 25. Nd6 Bd7 26. Nxb7 Rb8 27. N7c5
Bb5 28. Qf3 Bc6 29. Qg3 Ne7 30. e4 Qh5 31. Rd2 Ng6 32. Bf2 Bh4 33. Qe3 Bxf2+ 34.
Qxf2 h6 35. Na5 Ba8 36. b4 Qg4 37. f5 exf5 38. exf5 Nf4 39. Kh2 Bxg2 40. Qg3
Qh5+ 41. Kg1 Qh1+ 42. Kf2 Qf1+ 43. Ke3 Re8+ 44. Kd4 Re4+ 45. Nxe4 Ne2+ 46. Rxe2
Qxe2 47. Nc3 Qd2+ 48. Kc4 Bf1+ 49. Kb3 Qd7 50. Qf4 Bd3 51. f6 Qe6+ 52. Kb2 g5
53. Qd4 Bg6 54. b5 g4 55. Nc6 g3 56. Ne7+ Kh7 57. Nxg6 Kxg6 58. Qd3+ Kxf6 59.
Qxg3 h5 60. a4 Qc4 61. Qd6+ Kg7 62. Qe5+ Kg6 63. Qd6+ Kg7 64. Qe5+ Kg6 65. Ne4
Qb4+ 66. Kc2 Qxa4+ 67. Kd2 Qa2+ 68. Ke3 Qa3+ 69. Kf2 Qa2+ 70. Kg3 Qe6 71. Qxe6+
fxe6 72. Nd6 Kf6 73. Nc8 Ke5 74. Nxa7 Kd6 75. b6 e5 76. Kh4 e4 77. Kg3 Kd7 78.
Kf4 h4 79. Kxe4 h3 80. Kf3 Kd6 81. Kg3 1-0

[Event "Mondiale Lampo FIDE 2019"]
[Site "Mosca"]
[Date "29.12.2019"]
[Round "9.52"]
[White "Smirin, Ilia"]
[Black "Zarnicki, Pablo"]
[Result "1/2-1/2"]
[WhiteTitle "GM"]
[BlackTitle "GM"]
[WhiteElo "2607"]
[BlackElo "2514"]
[WhiteFideId "2801990"]
[BlackFideId "100137"]
[EventDate "2019.12.29"]

1. e4 e5 2. Nf3 Nf6 3. d4 Nxe4 4. Nxe5 d6 5. Nf3 d5 6. Bd3 Nc6 7. O-O Be7 8. c4
Nb4 9. Be2 O-O 10. Nc3 Be6 11. Ne5 f6 12. Ng4 f5 13. Ne5 Nxc3 14. bxc3 Nc6 15.
Nxc6 bxc6 16. Bf3 Qd7 17. Qa4 f4 18. Re1 Rae8 19. Rb1 g5 20. h3 Bf6 21. Ba3 Rf7
22. Bh5 dxc4 23. Rb7 Bd5 24. Reb1 Qf5 25. Bxf7+ Kxf7 26. Rxc7+ Kg6 27. Qd1 h5
28. f3 Re3 29. Rc1 Rxf3 30. gxf3 Qxh3 31. Rc2 Bxf3 32. Qf1 Qg3+ 33. Rg2 Bxg2 34.
Qxg2 Qe1+ 35. Qf1 Qg3+ 36. Kh1 Qh4+ 37. Kg1 Qg3+ 38. Qg2 Qe1+ 39. Qf1 Qg3+ 1/2-1/2

[Event "Mondiale Lampo FIDE 2019"]
[Site "Mosca"]
[Date "29.12.2019"]
[Round "9.54"]
[White "Guseinov, Gadir"]
[Black "Bartel, Mateusz"]
[Result "1-0"]
[WhiteTitle "GM"]
[BlackTitle "GM"]
[WhiteElo "2666"]
[BlackElo "2634"]
[WhiteFideId "13401378"]
[BlackFideId "1112635"]
[EventDate "2019.12.29"]

1. e4 e6 2. d4 d5 3. Nd2 Be7 4. Ngf3 Nf6 5. e5 Nfd7 6. c3 c5 7. Bd3 Nc6 8. O-O
g5 9. dxc5 Ndxe5 10. Bb5 Ng6 11. b4 e5 12. Re1 f6 13. c4 d4 14. Ne4 O-O 15. Qb3
Be6 16. Ba3 Qd7 17. Rad1 Rad8 18. Ba4 Nf4 19. g3 Ng6 20. Nd6 g4 21. Nd2 f5 22.
Qc2 e4 23. N2xe4 fxe4 24. Qxe4 Bf5 25. Qd5+ Kg7 26. b5 Na5 27. c6 Qxd6 28. Bxd6
Bxd6 29. Qxd4+ Kh6 30. c5 Bc7 31. Qe3+ Kh5 32. b6 axb6 33. cxb6 Rxd1 34. Bxd1
Nc4 35. bxc7 Nxe3 36. cxb7 Nxd1 37. b8=Q Nc3 38. Qd8 Bc8 39. Re8 Rxe8 40. Qxe8
Bb7 41. c8=Q Bxc8 42. Qxc8 Nxa2 43. Qc4 Ne5 44. Qxa2 Nf3+ 45. Kh1 Kg5 46. Qd5+
Kg6 47. h3 h5 48. hxg4 hxg4 49. Qe4+ Kg5 50. Qf4+ 1-0

[Event "Mondiale Lampo FIDE 2019"]
[Site "Mosca"]
[Date "29.12.2019"]
[Round "9.55"]
[White "Grigoriants, Sergey"]
[Black "Novikov, Stanislav"]
[Result "1-0"]
[WhiteTitle "GM"]
[BlackTitle "GM"]
[WhiteElo "2542"]
[BlackElo "2531"]
[WhiteFideId "4130804"]
[BlackFideId "4125371"]
[EventDate "2019.12.29"]

1. e4 c5 2. Nf3 e6 3. d4 cxd4 4. Nxd4 a6 5. Bd3 Bc5 6. Nb3 Ba7 7. O-O Nc6 8. Qe2
d6 9. c4 Nge7 10. Be3 Bxe3 11. Qxe3 e5 12. Nc3 Be6 13. Rfd1 Na5 14. Nd2 Rc8 15.
Nd5 Nac6 16. Nb6 Rb8 17. Nb3 O-O 18. Be2 Qc7 19. Rac1 Rbd8 20. h3 h6 21. Bg4 Qb8
22. Nd5 Bxd5 23. cxd5 Na7 24. Qb6 Nec8 25. Qc7 Qxc7 26. Rxc7 Nb5 27. Rxb7 g6 28.
a4 Nd4 29. Nxd4 exd4 30. Rxd4 Rfe8 31. b4 Ne7 32. Rc4 Rb8 33. Rxb8 Rxb8 34. Kf1
f5 35. exf5 gxf5 36. Bf3 Kf7 37. Ke2 Kf6 38. Rh4 Kg5 39. g3 Rc8 40. Kd2 Ng6 41.
Rd4 Kf6 42. Be2 f4 43. gxf4 Ra8 44. Rc4 Ne7 45. Bf3 Rb8 46. Kd3 Kf5 47. Ke3 Kf6
48. Be4 Rb7 49. Kd3 Rb8 50. Kc3 Rb7 51. Kd3 Kf7 52. Kd4 Kf6 53. Kc3 Kf7 54. Kb3
Kf6 55. Rc1 Kf7 56. Rc2 Kf6 57. Rc3 Kf7 58. Rc2 Kf6 59. Rc4 Kf7 60. Rc3 Kf6 61.
Kc4 Rc7+ 62. Kd3 Rb7 63. Rb3 Nc8 64. Kd4 Nb6 65. a5 Nc8 66. Bd3 Ra7 67. Rb1 Ne7
68. Re1 Kf7 69. Bc4 Rb7 70. Kc3 Ra7 71. Re6 Rd7 72. Rxh6 Kg7 73. Re6 1-0

[Event "Mondiale Lampo FIDE 2019"]
[Site "Mosca"]
[Date "29.12.2019"]
[Round "9.56"]
[White "Guliyev, Namig"]
[Black "Frolyanov, Dmitry"]
[Result "1/2-1/2"]
[WhiteTitle "GM"]
[BlackTitle "GM"]
[WhiteElo "2548"]
[BlackElo "2556"]
[WhiteFideId "13400363"]
[BlackFideId "4151976"]
[EventDate "2019.12.29"]

1. e4 c5 2. Nf3 Nc6 3. Nc3 e5 4. Bc4 Be7 5. d3 d6 6. Nd2 Nf6 7. Nf1 O-O 8. Ne3
Nd7 9. a3 Nb6 10. Ba2 Be6 11. Ncd5 Kh8 12. O-O Bg5 13. b4 cxb4 14. axb4 Bxe3 15.
Bxe3 Bxd5 16. Bxb6 Qxb6 17. Bxd5 Nxb4 18. Bc4 Qc7 19. Rb1 Nc6 20. f4 exf4 21.
Rxf4 d5 22. exd5 Qxf4 23. dxc6 bxc6 24. h3 a5 25. Kh1 a4 26. Ba2 a3 27. Rb6 Qf2
28. Rxc6 Rae8 29. Qf3 Re1+ 30. Kh2 Qg1+ 31. Kg3 Re3 1/2-1/2

[Event "Mondiale Lampo FIDE 2019"]
[Site "Mosca"]
[Date "29.12.2019"]
[Round "9.57"]
[White "Esipenko, Andrey"]
[Black "Can, Emre"]
[Result "0-1"]
[WhiteTitle "GM"]
[BlackTitle "GM"]
[WhiteElo "2642"]
[BlackElo "2600"]
[WhiteFideId "24175439"]
[BlackFideId "6302181"]
[EventDate "2019.12.29"]

1. d4 Nf6 2. c4 b6 3. Nc3 Bb7 4. Qc2 d5 5. cxd5 Nxd5 6. Nf3 g6 7. e4 Nxc3 8.
bxc3 Bg7 9. Bd3 c5 10. d5 O-O 11. O-O Nd7 12. Bg5 Re8 13. Rad1 Qc7 14. c4 e5 15.
Nd2 Nf6 16. Nb1 Rf8 17. Nc3 Ne8 18. Nb5 Qd7 19. a4 Ba6 20. Ra1 Bxb5 21. axb5 Nd6
22. Ra3 f5 23. exf5 gxf5 24. Be2 e4 25. Bf4 Kh8 26. Qb3 Qe7 27. Qh3 Be5 28. Qg3
Bxf4 29. Qxf4 Rf7 30. Rfa1 Qf6 31. g3 Rd7 32. R1a2 Qg7 33. Kg2 Re8 34. Rxa7 Rxa7
35. Rxa7 Qxa7 36. Qxd6 e3 37. Bh5 Qe7 38. Qh6 e2 39. Bxe2 Qxe2 40. Qf6+ Kg8 41.
Qg5+ Kf7 42. Qxf5+ Ke7 43. Qxh7+ Kd8 44. Qh4+ Qe7 45. Qh6 Qe4+ 46. f3 Qc2+ 47.
Kh3 Qf5+ 48. Kh4 Re7 49. Qxb6+ Ke8 50. Qb8+ Kf7 51. d6 Re6 52. Qc7+ Kg8 53. Qd8+
Kh7 54. Qd7+ Kh6 55. g4 Qf6+ 56. Kg3 Rxd6 57. Qe8 Re6 58. Qd7 Qe5+ 59. Kh3 Rf6
60. Qd3 Qd4 61. Qe2 Qf4 62. Kg2 Rd6 63. Kh3 Kg7 64. Qe7+ Kg6 65. Qe8+ Kf6 66.
Qf8+ Ke5 67. Qe7+ Kd4 68. Qe2 Rh6+ 0-1

[Event "Mondiale Lampo FIDE 2019"]
[Site "Mosca"]
[Date "29.12.2019"]
[Round "9.58"]
[White "Khanin, Semen"]
[Black "Utegaliyev, Azamat"]
[Result "1-0"]
[WhiteTitle "IM"]
[WhiteElo "2500"]
[BlackElo "2502"]
[WhiteFideId "4111990"]
[BlackFideId "13702467"]
[EventDate "2019.12.29"]

1. e4 d5 2. exd5 Qxd5 3. Nc3 Qd6 4. d4 c6 5. Nf3 Bg4 6. h3 Bh5 7. g4 Bg6 8. Ne5
Nd7 9. Bf4 Nxe5 10. Bxe5 Qb4 11. Qd2 e6 12. O-O-O Nf6 13. Bg2 Nd5 14. Nxd5 Qxd2+
15. Kxd2 cxd5 16. c4 f6 17. Bg3 Bb4+ 18. Ke3 dxc4 19. Bxb7 Rd8 20. Bc7 Rd7 21.
Bc6 Ke7 22. Bxd7 Kxd7 23. Bg3 Rc8 24. Rc1 Rc6 25. a3 Ba5 26. Rhd1 Bb6 27. Kf3
Rc8 28. Bf4 Ke7 29. d5 e5 30. Be3 Kd6 31. Bxb6 axb6 32. Ke3 b5 33. Rc3 Ra8 34.
f4 Bd3 35. fxe5+ Kxe5 36. Rdxd3 cxd3 37. Rxd3 Kd6 38. Kd4 Re8 39. Rc3 Re2 40.
Rc6+ Kd7 41. b4 Ra2 42. Ra6 Rc2 43. Rb6 Ra2 44. Rxb5 Rxa3 45. Rb7+ Kd6 46. Rxg7
Rxh3 47. Ra7 h5 48. gxh5 Rh4+ 49. Kc3 Kxd5 50. Rh7 Rh3+ 51. Kd2 Kc4 52. h6 Kd4
53. Rh8 Ke4 54. h7 Kf3 55. b5 Rh2+ 56. Kc3 1-0

[Event "Mondiale Lampo FIDE 2019"]
[Site "Mosca"]
[Date "29.12.2019"]
[Round "9.59"]
[White "Xu, Yinglun"]
[Black "Alekseenko, Kirill"]
[Result "1/2-1/2"]
[WhiteTitle "GM"]
[BlackTitle "GM"]
[WhiteElo "2555"]
[BlackElo "2704"]
[WhiteFideId "8604940"]
[BlackFideId "4135539"]
[EventDate "2019.12.29"]

1. Nf3 d5 2. d4 Nf6 3. c4 dxc4 4. e3 Bg4 5. Bxc4 e6 6. Nc3 a6 7. O-O Nc6 8. Be2
Bd6 9. Nd2 Bxe2 10. Qxe2 O-O 11. Nf3 Nd5 12. e4 Nxc3 13. bxc3 e5 14. a4 Qf6 15.
Rd1 Rfe8 16. d5 Nb8 17. a5 Nd7 18. Rb1 b6 19. Be3 Bc5 20. Nd2 Qg6 21. f3 h5 22.
Nc4 b5 23. Bxc5 Nxc5 24. Ne3 Rab8 25. Nf5 Qg5 26. Rb4 g6 27. Qe3 Qxe3+ 28. Nxe3
Nb7 29. Ra1 Nd6 30. Rab1 f5 31. exf5 gxf5 32. Kf2 f4 33. Nc2 Nc4 34. Re1 Rbd8
35. Rd1 c6 36. Rbb1 c5 37. Ra1 Rd6 38. Na3 Ne3 39. Rd2 Red8 40. c4 bxc4 41. Rc1
Rxd5 42. Rxd5 Rxd5 43. Nxc4 Nxc4 44. Rxc4 Kf7 45. Ke2 Ke6 46. g3 Kf5 47. Ke1 h4
48. g4+ Ke6 49. Ke2 Kd6 50. h3 Kc6 51. Re4 Kd6 52. Rc4 Rd4 53. Rc1 Ra4 54. g5
Rxa5 55. Rg1 Ke7 56. g6 Kf8 57. Kd3 Ra4 58. Rg5 e4+ 59. fxe4 Rd4+ 60. Ke2 Rxe4+
61. Kf3 Rc4 62. Rd5 Kg7 63. Rd6 a5 64. Kg4 Rd4 65. Ra6 a4 66. Kg5 Rd5+ 67. Kxf4
Rd4+ 68. Kf5 Rd5+ 69. Kg4 c4 70. Rxa4 Rc5 71. Kxh4 c3 72. Ra1 Kxg6 73. Kg4 c2
74. Rc1 Rc4+ 75. Kf3 Kf5 76. Ke3 Rc3+ 77. Kd4 1/2-1/2

[Event "Mondiale Lampo FIDE 2019"]
[Site "Mosca"]
[Date "29.12.2019"]
[Round "9.60"]
[White "Korobov, Anton"]
[Black "Suleymanli, Aydin"]
[Result "1-0"]
[WhiteTitle "GM"]
[BlackTitle "IM"]
[WhiteElo "2668"]
[BlackElo "2473"]
[WhiteFideId "14105730"]
[BlackFideId "13413937"]
[EventDate "2019.12.29"]

1. d4 d5 2. c4 c6 3. Nc3 Nf6 4. e3 e6 5. Nf3 Nbd7 6. Qc2 Bd6 7. Bd3 dxc4 8. Bxc4
O-O 9. O-O b5 10. Be2 Bb7 11. a3 Qe7 12. e4 e5 13. Bg5 a6 14. Rad1 Rfe8 15. dxe5
Bxe5 16. Nxe5 Qxe5 17. Be3 Qe7 18. f3 Nd5 19. Bf2 Nf4 20. Rd2 Ne5 21. Rfd1 Qg5
22. Bg3 h5 23. Qc1 Neg6 24. Bf1 h4 25. Be1 Bc8 26. Kh1 Be6 27. Qc2 Rac8 28. Ne2
Nh5 29. Qc1 Ngf4 30. Nxf4 Nxf4 31. Rd6 Qe5 32. Bc3 Qg5 33. Qe3 Nh3 34. Qxg5 Nxg5
35. h3 Bb3 36. R1d2 Ne6 37. Kg1 Red8 38. Kf2 Kf8 39. Ke3 Rxd6 40. Rxd6 Ke7 41.
Rd2 c5 42. f4 f6 43. Be2 Ra8 44. f5 Ng5 45. e5 Nf7 46. e6 Nd6 47. Kf4 a5 48. Rd3
Bc4 49. Re3 b4 50. Be1 Bxe2 51. Rxe2 Rd8 52. Rd2 g5+ 53. fxg6 Kxe6 54. Bxh4 Rg8
55. Re2+ Kd5 56. Bxf6 Rxg6 57. Be5 Nc4 58. Bh8 Rg8 59. Bf6 Rg6 60. Kf5 Rg3 61.
Kf4 Rg6 62. Kf5 Rg3 63. h4 bxa3 64. bxa3 Rxa3 65. h5 Nd6+ 66. Kf4 Ra4+ 67. Kg5
Ne4+ 68. Kg6 Ra3 69. g4 Rg3 70. g5 a4 71. h6 Nxf6 72. Kxf6 a3 73. h7 Rh3 74. g6
c4 75. g7 1-0

[Event "Mondiale Lampo FIDE 2019"]
[Site "Mosca"]
[Date "29.12.2019"]
[Round "9.61"]
[White "Kovalev, Vladislav"]
[Black "Meier, Georg"]
[Result "0-1"]
[WhiteTitle "GM"]
[BlackTitle "GM"]
[WhiteElo "2662"]
[BlackElo "2626"]
[WhiteFideId "13504398"]
[BlackFideId "4675789"]
[EventDate "2019.12.29"]

1. e4 e6 2. d4 d5 3. Nd2 dxe4 4. Nxe4 Nd7 5. Nf3 Ngf6 6. Bg5 h6 7. Nxf6+ Nxf6 8.
Bxf6 Qxf6 9. Bd3 Bd7 10. Qe2 O-O-O 11. O-O-O Bd6 12. Kb1 Bc6 13. Be4 Bxe4 14.
Qxe4 Rhe8 15. Rhe1 Qf5 16. Qxf5 exf5 17. c3 Re4 18. Kc2 Rde8 19. h3 g5 20. Kd3
Kd7 21. a4 a6 22. Re3 Bf4 23. Ree1 Bd6 24. Re3 Bf4 25. Ree1 c6 26. Ra1 Bd6 27.
Re3 Bf4 28. Ree1 f6 29. Rad1 Bd6 30. Re3 Bf4 31. Ree1 h5 32. g3 Bd6 33. Kc2 R8e7
34. Rh1 Ke8 35. Rd2 Kf7 36. Rdd1 Kg6 37. Rd2 Re8 38. Rdd1 R8e6 39. Rd2 Re7 40.
Rdd1 Bc7 41. Rd2 Re8 42. Kd3 Bd6 43. Kc2 c5 44. Rdd1 c4 45. Rd2 R8e7 46. Rb1 h4
47. gxh4 g4 48. hxg4 fxg4 49. Rg1 Kh5 50. Ng5 fxg5 51. hxg5 Bf4 52. Rdd1 Re2+
53. Kb1 Rxf2 54. d5 g3 55. d6 Rd7 56. Rd4 Rxd6 57. Rxc4 Rdd2 58. Rb4 g2 59. Ka2
Rf1 0-1

[Event "Mondiale Lampo FIDE 2019"]
[Site "Mosca"]
[Date "29.12.2019"]
[Round "9.62"]
[White "Narayanan, Srinath"]
[Black "Sjugirov, Sanan"]
[Result "1-0"]
[WhiteTitle "GM"]
[BlackTitle "GM"]
[WhiteElo "2529"]
[BlackElo "2665"]
[WhiteFideId "5018420"]
[BlackFideId "4189302"]
[EventDate "2019.12.29"]

1. e4 c5 2. Nf3 d6 3. Bb5+ Nd7 4. d4 cxd4 5. Qxd4 a6 6. Be2 Ngf6 7. O-O g6 8.
Rd1 Bg7 9. Nc3 O-O 10. e5 Nh5 11. Qh4 dxe5 12. Nxe5 Bxe5 13. Bxh5 Bf6 14. Qg3
Be5 15. Qh4 gxh5 16. Bh6 Qb6 17. Bxf8 Kxf8 18. Nd5 Qd6 19. Qxh5 Bg7 20. Qxh7 b5
21. Ne3 Qg6 22. Qh4 Bf6 23. Qh3 Ke8 24. Nd5 Kf8 25. Nc7 Rb8 26. Rxd7 Kg7 27.
Ne8+ Kf8 28. Nxf6 1-0

[Event "Mondiale Lampo FIDE 2019"]
[Site "Mosca"]
[Date "29.12.2019"]
[Round "9.63"]
[White "Sek, Konstantin"]
[Black "Bocharov, Dmitry"]
[Result "0-1"]
[BlackTitle "GM"]
[WhiteElo "2446"]
[BlackElo "2524"]
[WhiteFideId "24104302"]
[BlackFideId "4138716"]
[EventDate "2019.12.29"]

1. e4 c5 2. Nf3 e6 3. d4 cxd4 4. Nxd4 a6 5. Nc3 Qc7 6. Bd3 Nf6 7. Qe2 d6 8. f4
Nbd7 9. g4 Nc5 10. g5 Nfd7 11. Bd2 b5 12. b4 Nxd3+ 13. cxd3 Bb7 14. Rc1 Qd8 15.
a4 bxa4 16. Nxa4 Be7 17. O-O O-O 18. Nc6 Bxc6 19. Rxc6 e5 20. Nc3 exf4 21. Bxf4
Ne5 22. Bxe5 dxe5 23. h4 Rc8 24. Rxc8 Qxc8 25. Nd5 Bxb4 26. Rb1 a5 27. Kg2 Qc5
28. Rf1 Qd4 0-1

[Event "Mondiale Lampo FIDE 2019"]
[Site "Mosca"]
[Date "29.12.2019"]
[Round "9.64"]
[White "Mozharov, Mikhail"]
[Black "Xu, Xiangyu"]
[Result "0-1"]
[WhiteTitle "GM"]
[BlackTitle "GM"]
[WhiteElo "2558"]
[BlackElo "2582"]
[WhiteFideId "4189825"]
[BlackFideId "8608288"]
[EventDate "2019.12.29"]

1. e4 e5 2. Nf3 Nf6 3. Nxe5 d6 4. Nf3 Nxe4 5. Nc3 Nxc3 6. dxc3 Nc6 7. Be3 Bf5 8.
Qd2 Be7 9. O-O-O Qd7 10. Bc4 Be6 11. Bd5 Bxd5 12. Qxd5 Qe6 13. c4 Qxd5 14. cxd5
Ne5 15. Nd2 Kd7 16. h3 Rae8 17. Rhe1 f5 18. b3 Bf6 19. a4 a6 20. Kb1 Ng6 21. Nc4
Re7 22. Nb2 Rhe8 23. Bd2 Rxe1 24. Rxe1 Rxe1+ 25. Bxe1 Nf4 26. g3 Nxd5 0-1